01079cam a2200301 a 45000010009000000050017000090080041000260100017000670200015000840250027000990370063001260400013001890420010002020430012002120500025002240820021002491000029002702450064002992600044003633000034004075000059004415040041005006510039005419060045005809420012006259990017006379520123006541398127920170105102936.0050525s2005 ii b b 000 0 eng  a 2005320954 a8170492238 aI-E-2005-320954; 63-09 bLibrary of Congress -- New Delhi Overseas OfficecRs895.00 aDLCcDLC alcode aa-pk---00aDS383.5.A2bZ57 2005 a954.91bZIR 20041 aZiring, Lawrence,d1928-10aPakistan at the crosscurrent of history /cLawrence Ziring. aNew Delhi :bManas Publications,c2004. axvi, 383 p. :bmaps ;c23 cm. a"Published in arrangement with Oneworld Publications." aIncludes bibliographical references. 0aPakistanxPolitics and government. a7bcbccorigoded3encipf20gy-gencatlg 2ddccBK c16273d16273 001040708NFICaCIPSbCIPScGENd2016-03-14l1o954.91 ZIR 2004pCIPS0002803r2019-01-25s2019-01-23w2016-03-14yBK